000
00249nam a22001217a 4500
020
_a
0-7214-1725-6
082
_a
823
_b
823
100
_a
BRI
245
_a
FATHER CHRISTMAS
260
_a
UK
_b
LADYBIRD
650
_a
ENGLISH SHORT STORY
_z
UK
942
_c
BK
999
_c
4525
_d
4525